000
00348pam a2200157a 44500
008
230515b2009 xxu||||| |||| 00| 0 eng d
020
_a
NULL
041
_a
HINDI
082
_a
891.43/HUB
100
_a
HBARD
245
_a
DANETICS AKE VIDYAN KA VIKAS
250
_a
1 ST ED
260
_a
PUNE
_b
NA
_c
2009
300
_a
VII/195
650
_a
NULL
999
_c
666751
_d
666751